Ridiculously Obvious Signs VIII Quiz Stats

 Plays Quiz Updated Apr 28, 2019

Score 0/20 Timer 05:00
0 Plays Today
% Correct
No
99.6%
Children
99%
Human
96.2%
Tested
92.9%
Rip
92.7%
Fun
92.5%
To
90.9%
Eat
90.5%
Fire
88.9%
Not
88.6%
% Correct
Open
87.9%
Bus
87.7%
Step
83%
Ends
82.7%
Closed
79.3%
Toilet
74.1%
Door
70.2%
Smoke
62%
Same
46.8%
Pick
25.5%

You're not logged in!

Compare scores with friends on all Sporcle quizzes.
OR
Log In

Sporcle TV

Today on Sporcle TV


Watch our educational content, quiz creation guides, and fun videos on Sporcle TV.

Show Comments

Extras

Top Quizzes Today


Score Distribution

Your Account Isn't Verified!

In order to create a playlist on Sporcle, you need to verify the email address you used during registration. Go to your Sporcle Settings to finish the process.

Report this User

Report this user for behavior that violates our Community Guidelines.

Details: